| 000 | 00461cam a2200169ua 4500 | ||
|---|---|---|---|
| 041 |
_aeng _h |
||
| 082 |
_a612.65 _bBRE/GR |
||
| 100 | _aBreckenridge, Marian E . | ||
| 245 |
_aGrowth and development of the young child / _cMarian E Breckenridge. _hTextual Documents |
||
| 250 |
_a6 / _b. |
||
| 260 |
_a : _bW B Saunders Company , _c1958. |
||
| 300 | _a548 ; . | ||
| 504 | _a | ||
| 700 | 1 | _aMurphy, Margaret Nesbitt . | |
| 942 | _cBK | ||
| 999 |
_c10647 _d10647 |
||